000 00462nab a2200145Ia 4500
003 ES-SlBCS
005 20210601134615.0
008 140529s1992 xxu||||| |||| 00| 0 spa d
041 _aspa
100 1 _aMatínez M., Miguel
_9220370
245 0 0 _aSignificación de la matriz epistémica en los estudios de postgrado
_c Miguel Matínez M.
650 0 4 _aMatriz Epistémica
_9220371
773 0 _tAnthropos
_gvol. 13, nº. 24, 1992, págs. 5-14
_wRev38
942 _cAR
999 _c615198
_d615198